Statistiques concernant Les vainqueurs de la Pokal

Cliquez ici pour prendre le quiz!

Statistiques générales

  • Ce quiz a été pris 33 fois
  • Le résultat moyen est 11 sur 18

Statistiques - réponses

NombreClub% Correct
1 (1993)Bayer Leverkusen
100%
19Bayern Munich
100%
5Borussia Dortmund
100%
1 (2015)Wolfsburg
84%
3Hambourg
81%
4Schalke
81%
6Werder Breme
81%
5Francfort
75%
3Borussia Mönchengladbach
69%
1 (1997)Stuttgart
69%
4Cologne
59%
1 (1964)Munich 1860
59%
1 (1992)Hanovre
50%
2Nuremberg
50%
2Kaiserslautern
44%
2Dusseldorf
25%
1 (1985)Uerdingen
9%
1 (1970)Offenbach
3%

Distribution des résultats

Percentile par nombre de réponses

% des personnes avec chaque résultat

Votre développement - résultats

Vous n’avez pas pris ce quiz